01466nam a2200361Ia 4500001001200000003000800012006001900020007001500039008004100054020001800095020001500113040002100128035002100149050002600170082001600196100003200212245011700244260003600361300002400397504005000421533015200471650001600623650004600639650004300685650004700728650004800775650005600823655002900879700003400908710001700942856012600959999001901085ebr10214442CaPaEBRm u cr cn|||||||||070412s2007 bcca sbs 001 0deng d z9780774813419 z0774813415 aCaPaEBRcCaPaEBR a(OCoLC)24358698014aJF1525.L4bS74 2007eb04a303.3/42221 aStewart, Ian,d1953 July 2-10aConventional choicesh[electronic resource] :bMaritime leadership politics /cIan Stewart and David K. Stewart. aVancouver :bUBC Press,cc2007. axii, 305 p. :bill. aIncludes bibligraphical references and index. aElectronic reproduction.bPalo Alto, Calif. :cebrary,d2011.nAvailable via World Wide Web.nAccess may be limited to ebrary affiliated libraries. 0aLeadership. 0aPolitical leadershipzMaritime Provinces. 0aPolitical partieszMaritime Provinces. 0aElectionszMaritime ProvincesvStatistics. 0aPoliticianszMaritime ProvincesvBiography. 0aPolitical conventionszMaritime ProvincesxHistory. 7aElectronic books.2local1 aStewart, David Kenney,d1962-2 aebrary, Inc.40uhttp://site.ebrary.com/lib/rucke/Doc?id=10214442zAn electronic book accessible through the World Wide Web; click to view c230656d230656